000
00277nam a22001217a 4500
041
_a
ENG
100
_a
Morgan.R.P.C
245
_a
Soil Erosion and ITS Control
260
_a
New York
_b
VAN Nostrand Reinhold
_c
1986
300
_a
309
650
_a
SWCE ( 06 )
856
_u
SWCE ( 06 )
999
_c
2954
_d
2954